| 000 | 00991cab a22002055a 4500 | ||
|---|---|---|---|
| 001 | E154442 | ||
| 008 | 111205e20111202xxk 000 0 eng u | ||
| 035 | _a(Sirsi) u154442 | ||
| 041 | 0 | _aeng | |
| 110 | 2 |
_aBank of Scotland _95792 |
|
| 245 | 0 | 0 |
_aOwners of Scotland's pre-First World War homes enjoy biggest house price increase _h[electronic resource] |
| 260 | _c2011 | ||
| 490 |
_aBank of Scotland Press Release _v2 December 2011 |
||
| 520 | _aThe largest price increases in Scotland over the last 25 years have been in houses built before 1919. These properties have increased in price by an average of 528%, compared to an average 359% increase for all properties. | ||
| 590 | _aKA | ||
| 651 | 4 |
_aScotland _y1999- |
|
| 690 | _aPROPERTY-RESIDENTIAL PROPERTY-RESIDENTIAL PROPERTY MARKET | ||
| 856 | 4 | 0 |
_uhttps://www.lloydsbankinggroup.com/media/pdfs/bos/2011/021211Scotland_pre-First_World_War_homes.pdf _zView the news release free of charge at www.lloydsbankinggroup.com |
| 942 | _n0 | ||
| 999 |
_c83620 _d83620 |
||